Financial Repression? Auswirkungen auf die Asset Allocation der institutionellen Investoren

Salvato in:
Dettagli Bibliografici
Autore principale: Anacker, Ralf
Natura: Capitolo di libro
Lingua:tedesco
Tags: Aggiungi Tag
Nessun Tag, puoi essere il primo ad aggiungerne!!

MARC

LEADER 00000nla a2200000 4500
001 0162520
005 20240502072820.5
041 0 |a ger 
044 |a SK 
245 1 0 |a Financial Repression? Auswirkungen auf die Asset Allocation der institutionellen Investoren  |c Ralf Anacker 
100 1 |a Anacker, Ralf